LDR 00924naa#a2200181#i#450# 001 RU\\bibl\123370 005 20260705155809.7 011 ## _a1994-4683 100 ## _a20230731b2023####ek#y0rusy0150####ca 102 ## _aRU 200 1# _aВЛИЯНИЕ ДЫХАТЕЛЬНОЙ ГИМНАСТИКИ НА РЕЗУЛЬТАТЫ В СТРЕЛКОВОМ СПОРТЕ _eЖурнальная статья 210 1# _aМосква _cНациональный государственный Университет физической культуры, спорта и здоровья им. П.Ф. Лесгафта _d2023 215 ## _a3 с. 608 ## _aЖурнальная статья _2local 675 ## _aСтрелковый спорт. Стендовая стрельба. 799.3 _z 700 #1 _aГринченко _gВячеслав Сергеевич 700 #1 _aГуляй _gВиктория Геннадьевна 856 4# _auchzapiski.lesgaft.spb.ru _u